Taylor Swift - Chansons de l'album folklore - Statistiques

Statistiques générales
  • Ce quiz a été pris 1 994 fois
  • Le résultat moyen est 14 sur 17
Statistiques - réponses
Hint Réponse % Correct
Album Original Piste 2 cardigan
96%
Album Original Piste 8 august
94%
Album Original Piste 1 the 1
94%
Album Original- Piste 14 betty
92%
Bonus Track Piste 17 the lakes
90%
Album Original Piste 3 the last great american dynasty
89%
Album Original Piste 5 my tears ricochet
87%
Album Original- Piste 16 hoax
84%
Album Original- Piste 10 illicit affairs
84%
Album Original Piste 7 seven
84%
Album Original Piste 6 mirrorball
81%
Album Original Piste 4 exile
79%
Album Original- Piste 11 invisible string
76%
Album Original- Piste 15 peace
76%
Album Original Piste 9 this is me trying
76%
Album Original- Piste 12 mad woman
74%
Album Original- Piste 13 epiphany
73%
Aucun quiz correspondant
Distribution des résultats
% des personnes avec chaque résultat
Percentile par nombre de réponses
Votre historique - résultats
Vous n’avez pas pris ce quiz